Which team is this player? #2 [IPL 2024] - Statistics

General Stats
  • This quiz has been taken 102 times
  • The average score is 9 of 10
Answer Stats
Question Answer % Correct
MS Dhoni Chennai Super Kings
100%
Shubman Gill Gujarat Titans
100%
Rohit Sharma Mumbai Indians
100%
Sanju Samson Rajasthan Royals
100%
Dinesh Karthik Royal Challengers Bangalore
100%
Shreyas Iyer Kolkata Knight Riders
98%
Heinrich Klaasen Sunrisers Hyderabad
95%
Shikhar Dhawan Punjab Kings
90%
Nicholas Pooran Lucknow Super Giants
88%
David Warner Delhi Capitals
73%
No matching quizzes found
Score Distribution
Percent of People with Each Score
Percentile by Number Answered
Your Score History
You have not taken this quiz